000 00652nam a2200217Ia 4500
999 _c35038
_d35038
001 877
003 GE_BSU
005 20220920153334.0
008 181216s2001||||rus|||||||||||||| ||ru ||
020 _a5272001966
040 _cGE_BSU
080 _a681.3.06(075.8) Д-93
100 _aДьяконов, В.
_914641
245 _aMATHCAD 2000 :
_bУчебный курс /
_cВ. Дьяконов.
264 _aСПБ :
_bПитер,
_c2001.
300 _a592 стр.
653 _aMATHCAD 2000
653 _aინფორმატიკა
653 _aსაინფორმაციო ტექნოლოგიები
942 _cBK
_2udc